000 00645cam a22002058i 4500
999 _c58333
_d58333
001 19358821
003 GE_BSU
005 20221108165340.0
008 161031t20172016enk b 001 0 eng c
020 _a9781107175563 x
041 _aeng
080 _a621.396 C-69
100 1 _aColeman, Christopher
_d
_99154
245 1 0 _aAnalysis and modeling of radio wave propagation /
_cChristopher John Coleman, University of Adelaide.
264 4 _c[2017].
_aNew York, NY :
_bCambridge University Press,
300 _a287p.;
_b25 cm.
653 _aელექტრომაგნეტიზმი
653 _aრადიო
942 _2udc
_cBK